000 00610nam a2200229 a 4500
001 0001-0795
003 ELIB.Books
008 140826 2010 eng
020 _aKBTS
035 _a(ELIB.Books)0001-0949
092 _aThesis
_bMary
100 _aMary Paw, Naw
245 _aYouth are the New Generation Leaders for the Church Growth
260 _aKBTS; Insein
_bKaren Baptist Theological Seminary
_c2014
300 _c29.7 Cm
650 _aThesis
856 _nKBTS; Library
_uKBTS; Elib.
942 _2ddc
_cBK
990 _a1
998 _cbat
_e2014-08-26
999 _c10795
_d10795